| 000 | 01291nam a2200349Ia 4500 | ||
|---|---|---|---|
| 001 | Z_7064 | ||
| 003 | CHAP | ||
| 005 | 20230126192236.0 | ||
| 008 | 220113s2017 xx 000 0 und d | ||
| 010 | _a170337 | ||
| 040 | _cCHAP | ||
| 090 | _aTesis V45 2632 | ||
| 100 |
_aVelasco Villanueva, Diana Donaji _9134612 |
||
| 245 |
_aRespuesta reproductiva de cabras sincronizadas con CIDR y la aplicación de un reconstituyente metabólico / _cDiana Donaji Velasco Villanueva |
||
| 260 |
_aMéxico : _bEl autor, _c2017 |
||
| 300 | _a60 p | ||
| 502 | _aTesis (Ingeniero Agrónomo Especialista en Zootecnia) -- UACh, 2017 \ Dirección: Said Cadena Villegas; asesoría: Carlos Guillermo Germán Alarcón y José Isidro Alejos de la Fuente | ||
| 650 |
_aAminoácidos _95340 |
||
| 650 |
_aFecundidad _939907 |
||
| 650 |
_aGanado caprino _9143189 |
||
| 650 |
_aProlificidad _9144581 |
||
| 650 |
_aReproducción _996027 |
||
| 700 |
_a Alejos de la Fuente, José Isidro, asesor _9145277 |
||
| 700 |
_a Germán Alarcón, Carlos Guillermo, asesor _9142496 |
||
| 700 |
_aCadena Villegas, Said, director _9146295 |
||
| 856 | 4 | 2 |
_uhttp://10.13.5.2/tesis/sist114509.pdf _yDescargar PDF |
| 901 | _aTESIS V45 2632 | ||
| 902 | _aM | ||
| 910 | _a2017 | ||
| 942 |
_c2 _2ddc |
||
| 942 |
_c2 _2ddc |
||
| 999 |
_c170337 _d170337 |
||